000 00614nam a2200193 4500
003 OSt
005 20240719122044.0
008 240719b |||||||| |||| 00| 0 eng d
020 _a041541749x
040 _aDDC
_cMUST
082 _220
_a301 PEA 2007
100 _aCrocker Lucy H. and Pearse Innes H.
_918916
245 _aThe Peckham Experiment/
_cCrocker Lucy H. and Pearse Innes H.
260 _aNY:
_bRoutledge ( Taylor & Francis Group)
_c2007.
300 _axvi,333p.:
_bill,;
_c24.3cm.
504 _aIncludes Bibliographical Appendixes and Indexes
650 _aHuman Biology
_918917
942 _2ddc
_cO_SHELF
999 _c9256
_d9256